header

Enzyme defects and immune dysfunction (Record no. 78145)

MARC details
000 -LEADER
fixed length control field 01695nam a2200397 a 4500
082 04 - DEWEY DECIMAL CLASSIFICATION NUMBER
Classification number 616.3/99
245 10 - TITLE STATEMENT
Title Enzyme defects and immune dysfunction
260 ## - PUBLICATION, DISTRIBUTION, ETC. (IMPRINT)
Place of publication Amsterdam ;
-- New York :
Name of publisher Excerpta Medica,
Year of publication 1979.
300 ## - PHYSICAL DESCRIPTION
Number of Pages ix, 289 p. :
Other physical details ill.
490 1# - SERIES STATEMENT
Series statement Ciba Foundation symposium. New series ;
500 ## - GENERAL NOTE
General note "Symposium on Enzyme Defects and Immune Dysfunction, held at the Ciba Foundation, London, 7th-9th November 1978"--Participants page.
650 #0 - SUBJECT ADDED ENTRY--TOPICAL TERM
Topical Term Immunological deficiency syndromes
Topical Term Adenosine deaminase
Topical Term Purines
Topical Term Enzymes
856 40 - ELECTRONIC LOCATION AND ACCESS
Uniform Resource Identifier http://site.ebrary.com/lib/rucke/Doc?id=10575491

No items available.

© 2026 Rongo University
Contact us: librarian | system librarian | Rongo university